000 00581cam a22002053a 4500
001 34163
003 PGUSA
005 20140828083734.0
008 101029s2010||||xxu|||||s|||||000 | eng d
040 _aPGUSA
_beng
042 _adc
100 1 _aSellar, W. Y.
245 1 4 _aThe Roman Poets of the Augustan Age :
_bVirgil
_h[electronic resource] /
_cW. Y. Sellar
260 _bProject Gutenberg,
_c2010
506 _aPublic domain in the USA.
516 _aElectronic text
830 0 _aProject Gutenberg
_v34163
856 4 0 _uhttp://www.gutenberg.org/ebooks/34163
942 _cEB
999 _c263418
_d263418